Los estados financieros y su análisis

Đã lưu trong:
Chi tiết về thư mục
Tác giả chính: Gutiérrez, Alfredo F.
Định dạng: Sách
Ngôn ngữ:Tiếng Tây Ban Nha
Được phát hành: Fondo de Cultura Económica. c1965.
Những chủ đề:
Các nhãn: Thêm thẻ
Không có thẻ, Là người đầu tiên thẻ bản ghi này!

MARC

LEADER 00000nam a22000005a 4500
001 11958
003 CL-ChBUA
005 20120815103355.0
008 070301s1965 mx 000 0 spa
040 |a CL-ChBUA  |c CL-ChBUA 
082 0 0 |a 657.3 
090 |c 11958  |d 11958 
100 1 |a Gutiérrez, Alfredo F. 
245 1 0 |a Los estados financieros y su análisis 
260 |b Fondo de Cultura Económica.  |c c1965. 
300 |a 275 p.  |c 20 cm. 
504 |a Indice. 
650 4 |a FINANZAS. 
942 |c LIB 
952 |0 0  |1 0  |4 0  |7 0  |9 17114  |a UNACH  |b UNACH  |c 600  |d 2007-03-05  |i 5.178.  |l 1  |o 657.3 / G 983.  |p 18113  |r 2024-07-01 00:00:00  |s 2024-06-26  |u 17114  |w 2012-08-08  |y LIB  |k 657.3 / G 983. 
999 |c 11958  |d 11958